Sonáta nad jazerom

Bibliographic Details
Main Author: Ezera, Regina, 1930-2002 (Author)
Other Authors: Mikulášová-Škridlová, Viera, 1924-2014 (Translator)
Format: Book
Language:Slovak
PhysicalDescription:240 s., 14,12 AH 21 cm
Published: Bratislava Smena 1984
Edition:1. vyd.
Series:Eva Zv. 90.

MARC

LEADER 00000nam a2200000 a 4500
001 vtls001118831
003 SK-MaSNL
005 20260413115303.0
008 250414s1984 xo 0 slo
015 |a SNBA1984/06 
035 |a SNK000061674 
040 |a SNK  |b slo  |c SNK  |e AACR2 
041 0 |a slo 
044 |a xo  |c SK 
080 |a 888.3-3  |2 1981 
100 1 |a Ezera, Regina,  |d 1930-2002  |4 aut  |9 144398 
245 1 0 |a Sonáta nad jazerom  |c Regina Ezera ; Viera Škridlová-Mikulášová, Martin Kellenberger, Karol Rosmány, Etela Farkašová 
250 |a 1. vyd. 
260 |a Bratislava  |b Smena  |c 1984  |e Žilina  |f Pravda 
300 |a 240 s., 14,12 AH  |c 21 cm 
366 |e 5700 výtl. 
490 0 |a Eva  |v Zv. 90. 
500 |a Ilustr. na front. 
700 1 |a Mikulášová-Škridlová, Viera,  |d 1924-2014  |4 trl  |9 122362 
700 1 |a Kellenberger, Martin,  |d 1957-  |4 bkd  |9 90777 
700 1 |a Rosmány, Karol,  |d 1937-2022  |4 bkd  |9 194694 
700 1 |a Farkašová, Etela,  |d 1943-  |4 oth  |9 100186 
852 |a Slovenská národná knižnica 
954 |a romány psychologické  |a literatúra národov ZSSR 
958 |a OND 
958 |a LX 
958 |a TL 
958 |a UP 
999 |c 699749  |d 701679 
952 |a SNK  |b SNK  |y PREZ  |7 0  |p 17A0896870  |o snkSC 60940  |0 0  |1 0  |4 0  |d 2012-08-06  |l 0  |r 2025-06-11 00:00:00  |w 2026-02-23 
952 |t P60, <05>, [BOOK], {605}  |a SNK  |b SNK  |y PREZ  |7 0  |p 17A0390228  |o snkSC 60940 D1  |i snkKSP 3960/84  |0 0  |1 0  |4 0  |d 2003-08-12  |l 0  |r 2004-12-31 00:00:00  |w 2026-02-23